LIBRARY & INFORMATION CENTRE, KCAET, TAVANUR

ONLINE PUBLIC ACCESS CATALOGUE (OPAC)

Samoohya Viskasanathinte Rooparekha, Vol 1 / (Record no. 5839)

MARC details
000 -LEADER
fixed length control field 00249cam a2200097ua 4500
082 ## - DEWEY DECIMAL CLASSIFICATION NUMBER
Classification number 303.44
Item number PRA/SA
245 ## - TITLE STATEMENT
Title Samoohya Viskasanathinte Rooparekha, Vol 1 /
260 ## - PUBLICATION, DISTRIBUTION, ETC. (IMPRINT)
Place of publication Thiruvananthapuram :
Name of publisher Prabhath Book House.
300 ## - PHYSICAL DESCRIPTION
Number of Pages 275 ; .
942 ## - ADDED ENTRY ELEMENTS (KOHA)
Koha item type Books
Holdings
Withdrawn status Lost status Damaged status Home library Current library Date acquired Full call number Accession Number Koha item type
Withdrawn     KAUAET KAUAET 07/04/2012 303.44 11254 Books
free website counter